[Event "Aeroflot Open A 2017"]
[Site "masterchessopen.com Moscow RUS"]
[Date "2017.02.23"]
[Round "3.36"]
[White "Vidit,S"]
[Black "Karavade,E"]
[Result "1-0"]
[WhiteElo "2673"]
[BlackElo "2418"]

1.e4 c5 2.Nf3 d6 3.d4 cxd4 4.Nxd4 Nf6 5.Nc3 a6 6.g3 e5 7.Nde2 Be7 8.Bg2 b5
9.Nd5 Nbd7 10.Nec3 Nxd5 11.Nxd5 Nf6 12.Nxe7 Qxe7 13.O-O Bb7 14.Qd3 O-O 15.Rd1
Rfd8 16.Bg5 Bc6 17.Rd2 h6 18.Bxf6 Qxf6 19.Rad1 Qg6 20.f3 a5 21.Qc3 Be8 22.Qc7
Rdc8 23.Qe7 Qf6 24.Qxf6 gxf6 25.Bh3 Rc5 26.c3 b4 27.cxb4 axb4 28.Rxd6 Rc2
29.Rd8 Rxd8 30.Rxd8 Kf8 31.Rb8 Ke7 32.Rxb4 Bc6 33.a4 Rc1+ 34.Bf1 f5 35.exf5
Bxf3 36.Kf2 Bd5 37.a5 Ra1 38.a6 Kf6 39.g4 Kg5 40.Be2 Rh1 41.Bf3 Bxf3 42.Kxf3
Ra1 43.Rb6 Ra4 44.b4 Ra3+ 45.Ke4 {#r} 1-0

[Event "Aeroflot Open A 2017"]
[Site "masterchessopen.com Moscow RUS"]
[Date "2017.02.23"]
[Round "3.39"]
[White "Harutyunian,T"]
[Black "Karthikeyan,M2"]
[Result "0-1"]
[WhiteElo "2515"]
[BlackElo "2578"]

1.Nf3 Nf6 2.g3 g6 3.Bg2 Bg7 4.c4 O-O 5.Nc3 c6 6.d4 d6 7.O-O Nbd7 8.e4 e5 9.b3
Re8 10.Be3 a6 11.h3 b5 12.c5 exd4 13.Nxd4 Bb7 14.cxd6 c5 15.Nde2 Nxe4 16.Nxe4
Bxa1 17.Nxc5 Bxg2 18.Kxg2 Be5 19.b4 a5 20.a3 axb4 21.axb4 Ra1 22.Qxa1 Bxa1
23.Rxa1 Qc8 24.Ra7 Qc6+ 25.Kg1 Ne5 26.d7 Rd8 27.Nd4 Qd6 28.Ne4 Qb8 29.Nb3 f5
30.Nf6+ Kf7 31.f4 Nc4 32.Bd4 Qxa7 33.Bxa7 Kxf6 34.Bd4+ Ke7 35.Nc5 Nb6 36.Na6
Nxd7 37.Nc7 Rb8 38.Nd5+ Kd6 39.Nf6 h6 40.g4 Rc8 41.gxf5 Nxf6 {#R} 0-1

[Event "Aeroflot Open A 2017"]
[Site "masterchessopen.com Moscow RUS"]
[Date "2017.02.23"]
[Round "3.41"]
[White "Puranik,A"]
[Black "Sandipan,C"]
[Result "0-1"]
[WhiteElo "2481"]
[BlackElo "2573"]

1.e4 c6 2.Nf3 d5 3.Nc3 dxe4 4.Nxe4 Nf6 5.Nxf6+ exf6 6.d4 Bd6 7.Bc4 O-O 8.O-O
Re8 9.a4 Nd7 10.a5 a6 11.Qd3 Nf8 12.Bd2 Be6 13.Rfe1 Qd7 14.g3 Rad8 15.Rad1
Bxc4 16.Qxc4 Ng6 17.Kg2 Bb8 18.Qc5 Ne7 19.c4 Nf5 20.Bc3 Rxe1 21.Rxe1 Bd6
22.Qb6 h5 23.Re4 Ne7 24.Rh4 Ng6 25.Re4 f5 26.Re1 f4 27.d5 cxd5 28.cxd5 h4
29.Qd4 Bf8 30.Ne5 h3+ 31.Kf3 Nxe5+ 32.Qxe5 fxg3 33.hxg3 Qb5 34.Kg4 Rxd5 35.Qe8
Qd3 36.Kxh3 Qf3 37.Re5 Rd6 {#R} 0-1

[Event "Aeroflot Open A 2017"]
[Site "masterchessopen.com Moscow RUS"]
[Date "2017.02.23"]
[Round "3.42"]
[White "Svane,R"]
[Black "Swapnil,SD"]
[Result "1-0"]
[WhiteElo "2570"]
[BlackElo "2534"]

1.d4 Nf6 2.Nf3 d5 3.c4 e6 4.Nc3 c5 5.cxd5 cxd4 6.Qxd4 exd5 7.e4 dxe4 8.Bb5+
Bd7 9.Ne5 Bxb5 10.Qxd8+ Kxd8 11.Nxb5 a6 12.Nd4 Bb4+ 13.Ke2 Ke7 14.Rd1 Rc8
15.Bg5 Rc5 16.Bxf6+ Kxf6 17.Ng4+ Kg5 18.Ne3 Rc8 19.h4+ Kg6 20.Nd5 Bc5 21.Nb3
a5 22.Rac1 Na6 23.Nxa5 b5 24.a3 Bf8 25.Nc6 Re8 26.Nb6 Nc5 27.Nxa8 Rxa8 28.Ne5+
Kf5 29.Rd5 Nb3 30.Rc6 f6 31.Nd7+ Kg4 32.Nxf8 Rxf8 33.Rc3 {#r} 1-0

[Event "Aeroflot Open B 2017"]
[Site "masterchessopen.com Moscow RUS"]
[Date "2017.02.23"]
[Round "3.1"]
[White "Oganian,M"]
[Black "Lintchevski,D"]
[Result "0-1"]
[WhiteElo "2452"]
[BlackElo "2524"]

1.d4 d5 2.Nf3 Nf6 3.c4 dxc4 4.e3 e6 5.Bxc4 c5 6.O-O a6 7.dxc5 Bxc5 8.Qxd8+
Kxd8 9.Ne5 Ke7 10.Be2 Nbd7 11.Nd3 Bd6 12.Nd2 b5 13.Nb3 Bb7 14.Na5 Bd5 15.Bd2
Rhc8 16.Nb4 Be5 17.Rab1 Be4 18.Bd3 Bc7 19.Bxe4 Nxe4 20.Nbc6+ Ke8 21.Rfd1 Nxd2
22.Rxd2 Nb8 23.b4 Nxc6 24.Nxc6 Bxh2+ 25.Kxh2 Rxc6 26.Rbd1 Rcc8 27.a4 Rd8
28.axb5 Rxd2 29.Rxd2 axb5 30.Kg3 Ra4 31.Rd4 Ke7 32.Kf3 f6 33.Rh4 h6 34.Rg4 g5
35.Re4 h5 36.g3 e5 37.Ke2 Ke6 38.g4 h4 39.f4 Kd5 40.Kf3 Ra1 {#R} 0-1

[Event "Aeroflot Open B 2017"]
[Site "masterchessopen.com Moscow RUS"]
[Date "2017.02.23"]
[Round "3.7"]
[White "Kotanjian,T"]
[Black "Elistratov,Semen"]
[Result "0-1"]
[WhiteElo "2464"]
[BlackElo "2407"]

1.c4 e5 2.g3 Nf6 3.Bg2 d5 4.cxd5 Nxd5 5.Nf3 Nc6 6.O-O Nb6 7.d3 Be7 8.a3 O-O
9.Nbd2 Re8 10.b4 a5 11.b5 Nd4 12.a4 Bb4 13.Bb2 Bg4 14.h3 Bh5 15.e3 Nxf3+
16.Nxf3 f6 17.Qc2 Rc8 18.Nh4 c6 19.bxc6 bxc6 20.g4 Bf7 21.d4 Nc4 22.Rfd1 Nxb2
23.Qxb2 exd4 24.Rxd4 Qc7 25.Rad1 c5 26.Rd7 Red8 27.Rxd8+ Rxd8 28.Qc2 c4 29.Nf5
c3 30.Rxd8+ Qxd8 31.Nd4 Qe8 32.Be4 g6 33.Bd3 Kg7 34.Qd1 Qe5 35.Bc2 Bc5 36.Nf3
Qd5 37.Qe2 h5 38.e4 Qe6 39.Nh4 Qe5 40.Kg2 Qf4 41.Nf3 hxg4 42.hxg4 Qxg4+ 43.Kh2
Qh5+ 44.Kg2 Be6 45.Ng1 Bh3+ 46.Kg3 Bd6+ 47.f4 Bxf4+ 48.Kxf4 Qg5+ {#R} 0-1

[Event "Aeroflot Open B 2017"]
[Site "masterchessopen.com Moscow RUS"]
[Date "2017.02.23"]
[Round "3.10"]
[White "Hayrapetyan,Ho"]
[Black "Ovod,E"]
[Result "1-0"]
[WhiteElo "2514"]
[BlackElo "2380"]

1.c4 e6 2.Nf3 d5 3.g3 dxc4 4.Qa4+ Nd7 5.Bg2 Nf6 6.O-O c5 7.Qxc4 b6 8.b3 Bb7
9.Bb2 Bd6 10.Qc2 O-O 11.Na3 Rc8 12.Rac1 a6 13.Nc4 Bb8 14.Qb1 b5 15.Ne3 Nd5
16.Ng4 Qe7 17.d3 f5 18.Nge5 N5f6 19.Qa1 Nxe5 20.Bxe5 Bxe5 21.Nxe5 Bxg2 22.Kxg2
Nd7 23.Rc2 Rfd8 24.Rfc1 Qd6 25.Nxd7 Rxd7 26.f4 Kf7 27.Kf2 h6 28.Qc3 g5 29.Qd2
Kf6 30.Qe3 Rdc7 31.d4 c4 32.Qe5+ Ke7 33.Qg7+ Ke8 34.Qxh6 gxf4 35.gxf4 Qxd4+
36.e3 Qe4 37.Rd2 cxb3 38.Rg1 Rf7 39.Rg8+ {#r} 1-0

[Event "Aeroflot Open B 2017"]
[Site "masterchessopen.com Moscow RUS"]
[Date "2017.02.23"]
[Round "3.12"]
[White "Matinian,N"]
[Black "Ofitserian,Boris"]
[Result "0-1"]
[WhiteElo "2494"]
[BlackElo "2365"]

1.e4 c5 2.Nf3 d6 3.d4 cxd4 4.Nxd4 Nf6 5.Nc3 a6 6.Bg5 Nbd7 7.Bc4 h6 8.Bxf6 Nxf6
9.Qe2 e5 10.Nf5 g6 11.Ne3 Be7 12.Ned5 Nxd5 13.Nxd5 Bg5 14.h4 Bxh4 15.Rxh4 Qxh4
16.Nc7+ Ke7 17.Nxa8 Bg4 18.Qe3 Rxa8 19.Kd2 Qg5 20.Qxg5+ hxg5 21.Bd5 Rb8 22.a4
Be6 23.c4 Bxd5 24.exd5 Rh8 25.g3 Rh2 26.Ke2 a5 27.b4 axb4 28.Rb1 Kd7 29.Rxb4
Kc7 30.a5 g4 31.Ra4 f5 32.a6 bxa6 33.Rxa6 g5 34.Ra7+ Kb6 35.Rg7 f4 36.Rxg5
fxg3 37.Rxg4 Rxf2+ 38.Kd3 Rf3+ {#R} 0-1

[Event "Aeroflot Open B 2017"]
[Site "masterchessopen.com Moscow RUS"]
[Date "2017.02.23"]
[Round "3.20"]
[White "Demidov,M"]
[Black "Alikulov,Elbek"]
[Result "1-0"]
[WhiteElo "2534"]
[BlackElo "2371"]

1.d4 Nf6 2.g3 g6 3.Bg2 Bg7 4.e4 d6 5.Ne2 O-O 6.O-O e5 7.Nbc3 c6 8.h3 Qc7 9.Be3
b5 10.a3 a5 11.f4 exd4 12.Bxd4 Nbd7 13.g4 Bb7 14.g5 Nh5 15.Bxg7 Nxg7 16.Qd2
Nb6 17.b3 Rad8 18.Nd1 d5 19.e5 d4 20.Ng3 c5 21.Bxb7 Qxb7 22.Nf2 Nd5 23.Ng4 Qa7
24.Rf3 c4 25.Qf2 Qb6 26.bxc4 bxc4 27.f5 gxf5 28.Nh6+ Kh8 29.Ngxf5 Ne6 30.Nd6
Nxg5 31.Nhxf7+ Rxf7 32.Nxf7+ Nxf7 33.Rxf7 Qh6 34.Kh2 d3 35.cxd3 cxd3 36.e6 Ne3
37.Qg3 Qxe6 38.Qg7# 1-0

[Event "Aeroflot Open B 2017"]
[Site "masterchessopen.com Moscow RUS"]
[Date "2017.02.23"]
[Round "3.24"]
[White "Atabayev,Y"]
[Black "Smirnov,Timofey"]
[Result "1-0"]
[WhiteElo "2475"]
[BlackElo "2323"]

1.e4 c5 2.Nf3 e6 3.d4 cxd4 4.Nxd4 a6 5.Nc3 Qc7 6.a3 b5 7.Bd3 Bb7 8.O-O Bd6
9.Nf3 Nf6 10.h3 Be7 11.Bg5 d6 12.Qe2 Nbd7 13.Nh2 O-O 14.Ng4 Rae8 15.Nxf6+ Bxf6
16.Bxf6 Nxf6 17.a4 b4 18.Na2 Qb6 19.c3 bxc3 20.Nxc3 a5 21.Nb5 e5 22.b4 Re6
23.bxa5 Qxa5 24.Qe1 Qd8 25.Rd1 Re7 26.Qb4 Rd7 27.Bc2 d5 28.exd5 Rxd5 29.Bb3
Rxd1 30.Rxd1 Qa8 31.Nc7 Qa7 32.Qe7 h6 33.Bxf7+ Rxf7 34.Rd8+ Kh7 35.Qxf7 Bc6
36.Qe6 Qxc7 37.Qf5+ g6 38.Qxf6 {#r} 1-0

[Event "Aeroflot Open B 2017"]
[Site "masterchessopen.com Moscow RUS"]
[Date "2017.02.23"]
[Round "3.26"]
[White "Lesovoi,Evgenij"]
[Black "Papin,V"]
[Result "1-0"]
[WhiteElo "2323"]
[BlackElo "2456"]

1.e4 c5 2.Nf3 Nc6 3.d4 cxd4 4.Nxd4 Qb6 5.Nb5 a6 6.Be3 Qa5+ 7.N5c3 e6 8.Be2 b5
9.Nd2 Qc7 10.f4 d6 11.Bf3 Bb7 12.O-O Nf6 13.a4 b4 14.Ne2 Be7 15.c3 bxc3
16.Nxc3 Rc8 17.Rc1 Qb8 18.Nc4 O-O 19.Qe2 Rfe8 20.Rfd1 e5 21.Nb6 Rcd8 22.Ncd5
exf4 23.Bxf4 Nxd5 24.Nxd5 Ne5 25.Nc7 Rf8 26.Be3 Rd7 27.Nxa6 Bxa6 28.Qxa6 Qxb2
29.Bd4 Nxf3+ 30.gxf3 Qa3 31.Qc6 Rdd8 32.Qc3 Qxa4 33.Bxg7 Rc8 34.Qb2 Rxc1
35.Rxc1 Ra8 36.Qg2 f5 37.Bf6+ Kf7 38.Qg7+ {#r} 1-0

[Event "Aeroflot Open B 2017"]
[Site "masterchessopen.com Moscow RUS"]
[Date "2017.02.23"]
[Round "3.27"]
[White "Badmatsyrenov,O"]
[Black "Mirzoyan,David"]
[Result "0-1"]
[WhiteElo "2456"]
[BlackElo "2308"]

1.e4 e6 2.Qe2 c5 3.b3 Nc6 4.Bb2 Nge7 5.g3 d5 6.Bg2 d4 7.d3 e5 8.Nd2 Qc7 9.Nh3
Ng6 10.O-O Be7 11.c3 Be6 12.cxd4 cxd4 13.f4 Bxh3 14.Bxh3 exf4 15.Qf2 Bb4
16.Nc4 fxg3 17.hxg3 O-O 18.Rac1 Rad8 19.Kg2 Nge5 20.Qe2 g6 21.a3 Be7 22.b4 a6
23.Nd2 Bg5 24.Rc5 Qe7 25.Nb3 Be3 26.Na1 Nd7 27.Bxd7 Rxd7 28.Nc2 Bh6 29.Qg4 Bg7
30.Qh3 Rfd8 31.Rh1 h5 32.g4 Ne5 33.gxh5 Qg5+ 34.Kf1 Qd2 35.Ne1 Rd6 36.Qg3 Rf6+
37.Kg1 Qe2 {#R} 0-1

[Event "Aeroflot Open B 2017"]
[Site "masterchessopen.com Moscow RUS"]
[Date "2017.02.23"]
[Round "3.28"]
[White "Kostenko,P"]
[Black "Koepke,C"]
[Result "1-0"]
[WhiteElo "2441"]
[BlackElo "2317"]

1.e4 c5 2.Nf3 d6 3.Bb5+ Nc6 4.O-O Bd7 5.Re1 Nf6 6.h3 e6 7.c3 Ne5 8.Bf1 Nxf3+
9.Qxf3 Bc6 10.d4 Be7 11.Bd3 cxd4 12.cxd4 Qb6 13.Nc3 Qxd4 14.Nb5 Qb6 15.Be3 Qa5
16.b4 Qd8 17.Nxa7 O-O 18.Nxc6 bxc6 19.a3 Nd7 20.Qe2 c5 21.Bb5 Qc7 22.Red1 Rfd8
23.Bf4 Qb6 24.Rab1 cxb4 25.axb4 Rab8 26.Bxd7 Rxd7 27.b5 Rdb7 28.Qc4 Qd8 29.Rb3
h6 30.Be3 Qc8 31.Qd3 Qe8 32.b6 Rc8 33.Ra1 Qd7 34.Ra7 Rcb8 35.Rc3 Bd8 36.Rca3
g6 37.Qc3 Kh7 38.Bxh6 e5 39.Be3 Qb5 40.Rxb7 Rxb7 41.Qc8 {#r} 1-0

[Event "Aeroflot Open B 2017"]
[Site "masterchessopen.com Moscow RUS"]
[Date "2017.02.23"]
[Round "3.29"]
[White "Abdumalik,Z"]
[Black "Levushkina,E"]
[Result "1-0"]
[WhiteElo "2430"]
[BlackElo "2306"]

1.e4 e5 2.Nf3 Nf6 3.Nxe5 d6 4.Nf3 Nxe4 5.Nc3 Nxc3 6.dxc3 Be7 7.Be3 Nc6 8.Qd2
Be6 9.O-O-O Qd7 10.Kb1 Bf6 11.h4 a6 12.Ng5 Bf5 13.Bc4 Ne5 14.Bd5 O-O 15.f3 c6
16.Bb3 d5 17.Qf2 b5 18.g4 Be6 19.Bd4 Qc7 20.Rhe1 Nd7 21.Nxe6 fxe6 22.Rxe6 Rf7
23.Bxf6 Rxf6 24.Rxf6 Nxf6 25.g5 Ne8 26.f4 Rd8 27.f5 Nd6 28.f6 Qd7 29.fxg7 Qxg7
30.Qb6 Qd7 31.Qxa6 Qc7 32.a4 Rb8 33.axb5 Nxb5 34.c4 dxc4 35.Bxc4+ Kh8 36.Bxb5
Rxb5 37.Qa3 Kg8 38.Qa2+ Kh8 39.Qe6 {#r} 1-0

[Event "Aeroflot Open B 2017"]
[Site "masterchessopen.com Moscow RUS"]
[Date "2017.02.23"]
[Round "3.34"]
[White "Gharibyan,Mamikon"]
[Black "Lavrik,D"]
[Result "0-1"]
[WhiteElo "2280"]
[BlackElo "2414"]

1.d4 d5 2.c4 c6 3.Nf3 Nf6 4.Qc2 dxc4 5.Qxc4 Bf5 6.g3 e6 7.Bg2 Nbd7 8.O-O Be7
9.Nc3 O-O 10.Re1 Ne4 11.Qb3 Qb6 12.Nh4 Bxh4 13.gxh4 Ndf6 14.f3 Nxc3 15.bxc3
Qc7 16.e4 Bg6 17.Be3 Nh5 18.Bf2 Rad8 19.a4 Rfe8 20.Rad1 f5 21.e5 Nf4 22.Bf1
Bh5 23.c4 Qf7 24.Rb1 Rd7 25.Qe3 Ng6 26.Rb3 f4 27.Qe4 Ne7 28.Bh3 Bg6 29.Qe2 Bf5
30.Bg2 Qh5 31.Rc1 Red8 32.Rb2 h6 33.Qe1 Kh7 34.Kh1 Bg6 35.Rd2 c5 36.d5 b6
37.d6 Nc6 38.Re2 Bd3 39.Re4 Qf5 40.Qg1 Bxe4 41.fxe4 Qxe5 42.Bf3 Rxd6 43.Qg2
Qf6 44.Rg1 Ne5 45.h5 R8d7 46.Bg4 Rd2 {#R} 0-1

[Event "Aeroflot Open B 2017"]
[Site "masterchessopen.com Moscow RUS"]
[Date "2017.02.23"]
[Round "3.35"]
[White "Ragnarsson,Dagur"]
[Black "Mammadova,G"]
[Result "1-0"]
[WhiteElo "2276"]
[BlackElo "2401"]

1.d4 g6 2.g3 Bg7 3.c4 d6 4.Nf3 Nd7 5.Bg2 e5 6.O-O Ne7 7.e4 O-O 8.Nc3 exd4
9.Nxd4 Ne5 10.b3 N7c6 11.Nde2 f5 12.f4 Ng4 13.exf5 Bxf5 14.h3 Nf6 15.g4 Bd7
16.a3 Qe7 17.Qd3 Rae8 18.Bd2 Qf7 19.Ng3 Kh8 20.Rac1 Qe7 21.Nd5 Nxd5 22.cxd5
Nd4 23.Rfe1 Qd8 24.a4 c6 25.dxc6 Bxc6 26.Be3 Qb6 27.Rc4 Rxf4 28.Kh2 Qd8
29.Bxf4 Rxe1 30.Rxd4 Qb6 31.Bd2 Rd1 32.Qe2 Qxd4 33.Qxd1 Qf2 34.Qe2 Qxg2+
35.Qxg2 Bxg2 36.Kxg2 Kg8 37.Be3 a6 38.Ne4 {#r} 1-0

[Event "Aeroflot Open B 2017"]
[Site "masterchessopen.com Moscow RUS"]
[Date "2017.02.23"]
[Round "3.36"]
[White "Sargsyan,Shant"]
[Black "Paramzina,A"]
[Result "1-0"]
[WhiteElo "2399"]
[BlackElo "2220"]

1.d4 Nf6 2.c4 e6 3.Nf3 Bb4+ 4.Bd2 c5 5.g3 b6 6.Bg2 Bb7 7.O-O O-O 8.Bxb4 cxb4
9.Qd3 a5 10.Nbd2 d5 11.Rac1 Nbd7 12.cxd5 exd5 13.Ne5 Rc8 14.Qf5 Re8 15.Ndf3
Nxe5 16.Nxe5 Re7 17.Qf4 Ne4 18.Bh3 Rcc7 19.Rxc7 Rxc7 20.Rc1 Ng5 21.Qxg5 Qxg5
22.Rxc7 f6 23.f4 Qh5 24.Be6+ Kf8 25.Rf7+ Ke8 26.Rxb7 Kf8 27.Rf7+ Ke8 28.Bd7+
Kd8 29.Nc6+ Kc7 30.Be8+ {#r} 1-0

[Event "Aeroflot Open B 2017"]
[Site "masterchessopen.com Moscow RUS"]
[Date "2017.02.23"]
[Round "3.37"]
[White "Yeritsyan,Aram"]
[Black "Odeev,H"]
[Result "1-0"]
[WhiteElo "2182"]
[BlackElo "2397"]

1.e4 c5 2.Nf3 d6 3.d4 cxd4 4.Nxd4 Nf6 5.f3 e5 6.Nb3 Be6 7.c4 Nbd7 8.Be3 Rc8
9.Nc3 a6 10.Nd5 Bxd5 11.cxd5 Be7 12.Be2 Nh5 13.Qd2 Nf4 14.O-O O-O 15.Rac1
Nxe2+ 16.Qxe2 f5 17.Rxc8 Qxc8 18.Rc1 Qd8 19.exf5 Rxf5 20.Qc2 Rf7 21.Qd2 Nf6
22.Na5 Bf8 23.Nc4 h6 24.Nb6 Rc7 25.Rxc7 Qxc7 26.Qd3 Nd7 27.Nxd7 Qxd7 28.Qc4
Be7 29.Kf2 Bd8 30.b3 Qf5 31.Qb4 Qd7 32.Kg3 Kf7 33.Qe4 h5 34.Qh7 h4+ 35.Kf2 Bf6
36.g4 hxg3+ 37.hxg3 Qd8 38.g4 Qa5 39.a4 Qxd5 40.g5 Be7 41.g6+ Kf8 42.Qh8+ Qg8
43.Qh3 {#r} 1-0

[Event "Aeroflot Open B 2017"]
[Site "masterchessopen.com Moscow RUS"]
[Date "2017.02.23"]
[Round "3.39"]
[White "Stathopoulos,I"]
[Black "Assaubayeva,Bibisara"]
[Result "1-0"]
[WhiteElo "2387"]
[BlackElo "2177"]

1.d4 Nf6 2.c4 g6 3.Nc3 Bg7 4.e4 d6 5.Be2 O-O 6.Be3 c5 7.d5 e6 8.Nf3 exd5
9.cxd5 a6 10.a4 Bg4 11.O-O Bxf3 12.Bxf3 Re8 13.Qc2 Nbd7 14.Be2 Qc7 15.g4 h6
16.h4 h5 17.gxh5 gxh5 18.f3 Ne5 19.Kf2 Rab8 20.Rg1 Ng6 21.Rg3 Nxh4 22.Rag1 Ng6
23.f4 h4 24.Rg5 Nh7 25.R5g2 h3 26.Rh2 Qe7 27.Rxh3 Bd4 28.Qd2 Bxc3 29.Qxc3 Nf6
30.Bf3 Kf8 31.f5 Qxe4 32.Bh6+ Ke7 33.Re1 {#r} 1-0

[Event "Aeroflot Open B 2017"]
[Site "masterchessopen.com Moscow RUS"]
[Date "2017.02.23"]
[Round "3.41"]
[White "Peng,Shunkai"]
[Black "Bakunts,Rafael"]
[Result "0-1"]
[WhiteElo "2137"]
[BlackElo "2386"]

1.e4 e5 2.Nf3 Nc6 3.Bc4 Bc5 4.c3 Nf6 5.d3 O-O 6.O-O d5 7.exd5 Nxd5 8.b4 Be7
9.Re1 Bg4 10.h3 Bh5 11.a4 a6 12.Bb3 Bf6 13.g4 Bg6 14.g5 Be7 15.Nxe5 Nxe5
16.Rxe5 c6 17.Bxd5 Bd6 18.Re1 cxd5 19.Ra2 Qd7 20.Qf3 Rae8 21.Rxe8 Rxe8 22.Re2
Rxe2 23.Qxe2 h5 24.Kg2 Qxa4 25.Na3 Qc6 26.Bb2 d4+ 27.Qf3 dxc3 28.Qxc6 bxc6
29.Bxc3 Bxd3 30.Kf3 a5 31.Ke3 axb4 32.Kxd3 bxa3 33.Ke4 g6 34.Kd3 Bf8 35.Kc2
Bg7 36.Bxg7 Kxg7 37.Kb3 f6 38.f4 fxg5 39.fxg5 Kf7 {#R} 0-1

[Event "Aeroflot Open B 2017"]
[Site "masterchessopen.com Moscow RUS"]
[Date "2017.02.23"]
[Round "3.42"]
[White "Arabidze,M"]
[Black "Pujari,R"]
[Result "0-1"]
[WhiteElo "2383"]
[BlackElo "2127"]

1.d4 d5 2.c4 e6 3.Nf3 Nf6 4.g3 c6 5.Bg2 Bb4+ 6.Bd2 Be7 7.Qc2 O-O 8.O-O b6
9.Bf4 Bb7 10.Rd1 Ne4 11.Ne5 f6 12.Nd3 Nd7 13.a4 g5 14.Bc1 Rc8 15.b3 f5 16.a5
Bf6 17.Bb2 c5 18.dxc5 bxc5 19.a6 Ba8 20.e3 d4 21.f3 Nd6 22.exd4 cxd4 23.c5 e5
24.b4 Bd5 25.Nd2 Qe8 26.Qa4 Nc4 27.Nxc4 Bxc4 28.b5 Qf7 29.c6 Nb6 30.Qb4 Qd5
31.Nc5 Be7 32.Ba3 d3 33.Kh1 Rfd8 34.Qd2 Bxb5 35.Ne4 Nc4 36.Bxe7 Nxd2 37.Nf6+
Kf7 38.Nxd5 Rxd5 39.Bxg5 Nc4 40.g4 f4 41.Bf1 Ne3 42.Rd2 Rxc6 43.Rb1 Rc2 {#R}
0-1

[Event "Aeroflot Open B 2017"]
[Site "masterchessopen.com Moscow RUS"]
[Date "2017.02.23"]
[Round "3.44"]
[White "Lan,Zilun"]
[Black "Gavrilov,Al1"]
[Result "0-1"]
[WhiteElo "2350"]
[BlackElo "2495"]

1.d4 d5 2.c4 c6 3.Nf3 Nf6 4.e3 Bf5 5.Nc3 a6 6.Qb3 b5 7.cxb5 axb5 8.Be2 e6
9.O-O Bd6 10.Bd2 Nbd7 11.Rfc1 O-O 12.Nd1 c5 13.Qxb5 Ne4 14.b3 Nxd2 15.Nxd2 Qc7
16.Bf1 Rfb8 17.Qe2 Bxh2+ 18.Kh1 Bd6 19.Nc3 Qd8 20.g3 cxd4 21.exd4 Ba3 22.Rcb1
Qf6 23.Nb5 Bxb1 24.Rxb1 Bb4 25.Nf3 Rxb5 26.Qxb5 Qxf3+ 27.Bg2 Qxf2 28.a4 Bd6
29.Qc6 Qxg3 30.Qxa8+ Nf8 31.Kg1 Qe3+ 32.Kh1 Qf4 33.Kg1 Qxd4+ 34.Kh1 Qh4+
35.Kg1 Bc5+ {#R} 0-1

[Event "Aeroflot Open B 2017"]
[Site "masterchessopen.com Moscow RUS"]
[Date "2017.02.23"]
[Round "3.48"]
[White "Sigfusson,S"]
[Black "Shuvalova,Polina"]
[Result "1-0"]
[WhiteElo "2226"]
[BlackElo "2387"]

1.e4 e5 2.Nf3 Nc6 3.Bb5 a6 4.Ba4 d6 5.O-O Bd7 6.c3 g6 7.d4 Bg7 8.d5 Nce7
9.Bxd7+ Qxd7 10.c4 h6 11.Nc3 f5 12.Ne1 Nf6 13.f3 O-O 14.Be3 g5 15.exf5 Nxf5
16.Bf2 b5 17.cxb5 axb5 18.Nc2 Rab8 19.Nb4 Ne7 20.Ne4 Nh5 21.g3 Rf7 22.Rc1 Rbf8
23.Rc3 Nf6 24.Nxf6+ Bxf6 25.Qc2 Bg7 26.Rxc7 Qd8 27.Rb7 Rxf3 28.Nc6 Nxc6
29.dxc6 R3f7 30.Qb3 d5 31.Qxb5 d4 32.Qc4 e4 33.Be1 Bf6 34.Rd7 {#r} 1-0

[Event "Aeroflot Open B 2017"]
[Site "masterchessopen.com Moscow RUS"]
[Date "2017.02.23"]
[Round "3.49"]
[White "Abhishek,K"]
[Black "Zherebtsova,A"]
[Result "1-0"]
[WhiteElo "2381"]
[BlackElo "2186"]

1.Nf3 d5 2.c4 c6 3.g3 Nf6 4.Bg2 g6 5.Qa4 Nbd7 6.cxd5 cxd5 7.O-O Bg7 8.d4 O-O
9.Nc3 Nb6 10.Qb3 Bf5 11.Ne5 Rc8 12.Rd1 h6 13.a4 e6 14.a5 Nbd7 15.Qxb7 Rc7
16.Qb5 Qa8 17.Bf4 Rb7 18.Qa4 g5 19.Bc1 Nxe5 20.dxe5 Nd7 21.a6 Rc7 22.e4 Nb6
23.Qa5 dxe4 24.Nb5 Rc5 25.Be3 Rxe5 26.Bxb6 axb6 27.Qxb6 Rxb5 28.Qxb5 Rb8
29.Qd7 Bxb2 30.a7 Rf8 31.Rab1 Bf6 32.Qb7 Be5 33.Rd7 Bg6 34.Qb5 f6 35.Rb7 Bd4
36.Qd7 {#r} 1-0

[Event "Aeroflot Open B 2017"]
[Site "masterchessopen.com Moscow RUS"]
[Date "2017.02.23"]
[Round "3.50"]
[White "Baghdasaryan,V"]
[Black "Yandarbiev,R"]
[Result "1-0"]
[WhiteElo "2462"]
[BlackElo "2311"]

1.c4 Nf6 2.Nc3 g6 3.g3 Bg7 4.Bg2 O-O 5.e4 c5 6.Nge2 Nc6 7.d3 d6 8.O-O a6 9.h3
Bd7 10.Be3 Rb8 11.a4 Ne8 12.d4 cxd4 13.Nxd4 Nc7 14.Rc1 Nxd4 15.Bxd4 Bxd4
16.Qxd4 b5 17.e5 Ne6 18.Qa7 bxa4 19.exd6 exd6 20.Rfd1 Be8 21.Ne4 Rxb2 22.Rxd6
Qc7 23.Qe3 f5 24.Rxe6 fxe4 25.Bxe4 a5 26.Bd5 Bf7 27.Re7 {#r} 1-0

[Event "Aeroflot Open B 2017"]
[Site "masterchessopen.com Moscow RUS"]
[Date "2017.02.23"]
[Round "3.51"]
[White "Faizrakhmanov,Ramil"]
[Black "Nogueira,I"]
[Result "1-0"]
[WhiteElo "2432"]
[BlackElo "2308"]

1.d4 d5 2.c4 Nc6 3.Nc3 e5 4.cxd5 Nxd4 5.e3 Nf5 6.Nf3 f6 7.Bd3 Nd6 8.Qc2 g6
9.h4 Bg7 10.h5 f5 11.e4 f4 12.Bd2 g5 13.Nb5 Nxb5 14.Bxb5+ Bd7 15.Bxd7+ Kxd7
16.Rc1 h6 17.Qa4+ Kc8 18.Ba5 {#r} 1-0

[Event "Aeroflot Open B 2017"]
[Site "masterchessopen.com Moscow RUS"]
[Date "2017.02.23"]
[Round "3.52"]
[White "Narva,M"]
[Black "Mu Ke"]
[Result "1-0"]
[WhiteElo "2241"]
[BlackElo "2431"]

1.e4 e6 2.d4 d5 3.e5 c5 4.c3 Nc6 5.Nf3 Qb6 6.a3 Nh6 7.b4 cxd4 8.cxd4 Nf5 9.Be3
f6 10.exf6 gxf6 11.Nc3 Nxe3 12.fxe3 Bh6 13.Qd2 a5 14.b5 Ne7 15.Qd3 Nf5 16.e4
dxe4 17.Nxe4 O-O 18.g4 Nd6 19.Be2 Bd7 20.a4 Rae8 21.Rg1 Bf4 22.g5 f5 23.Nf6+
Rxf6 24.gxf6+ Kf8 25.Rg7 Bc8 26.Ne5 Qd8 27.Qa3 {#r} 1-0

[Event "Aeroflot Open B 2017"]
[Site "masterchessopen.com Moscow RUS"]
[Date "2017.02.23"]
[Round "3.53"]
[White "Palachev,P"]
[Black "Davtyan,Artur"]
[Result "0-1"]
[WhiteElo "2418"]
[BlackElo "2275"]

1.d4 Nf6 2.c4 e6 3.g3 c5 4.d5 exd5 5.cxd5 b5 6.e4 Nxe4 7.Bg2 Nd6 8.Bf4 Be7
9.Nf3 O-O 10.O-O Re8 11.Re1 Na6 12.Nc3 b4 13.Bxd6 Bxd6 14.Ne4 Bf8 15.Nfg5 h6
16.Qh5 g6 17.Qf3 f5 18.Nf6+ Qxf6 19.Rxe8 hxg5 20.d6 Rb8 21.Rd1 Kg7 22.Qe2 g4
23.b3 Kh8 24.Qc4 Kg7 25.Qe2 Kh7 26.Bd5 Bxd6 27.Bg8+ Kg7 28.Bc4 Bb7 29.Rxb8
Nxb8 30.Qe8 Qf8 31.Qe3 Be4 32.Bd5 Bxd5 33.Rxd5 Qe7 34.Qd3 Be5 35.Qb5 Nc6
36.Rxc5 Bd4 37.Rc1 Qe4 38.Qb7 Ne5 39.Qxe4 fxe4 40.Rc7 Bb6 {#R} 0-1

[Event "Aeroflot Open B 2017"]
[Site "masterchessopen.com Moscow RUS"]
[Date "2017.02.23"]
[Round "3.55"]
[White "Sabirov,Temirjan"]
[Black "Khalafova,N"]
[Result "0-1"]
[WhiteElo "2340"]
[BlackElo "2250"]

1.Nf3 Nf6 2.d4 d5 3.Nc3 c5 4.dxc5 e6 5.e4 Bxc5 6.Bg5 Qb6 7.Bb5+ Bd7 8.Bxd7+
Nbxd7 9.O-O dxe4 10.Na4 Qc6 11.Nxc5 Qxc5 12.Be3 Qd5 13.Nd2 O-O 14.Qe2 Rfc8
15.Nb3 b6 16.Rac1 e5 17.Rfd1 Qe6 18.Qb5 Rc6 19.h3 Rac8 20.Rd2 h6 21.Rcd1 Nf8
22.Qa6 Qe7 23.c3 N6h7 24.Qb5 f5 25.Rd5 Re6 26.Bc1 Nf6 27.R5d2 f4 28.Qe2 Ng6
29.Rc2 Nh4 30.Nd2 Qb7 31.Qe1 f3 32.gxf3 exf3 33.Nf1 Ne4 34.Qe3 Rg6+ 35.Kh1 Nf5
36.Qd3 Rd6 37.Kh2 Rxd3 38.Rxd3 Nc5 39.Rd1 Qf7 40.Rcd2 Qg6 41.Ng3 Nxg3 {#R} 0-1

[Event "Aeroflot Open B 2017"]
[Site "masterchessopen.com Moscow RUS"]
[Date "2017.02.23"]
[Round "3.56"]
[White "Makoveev,Ilya"]
[Black "Navalgund,N"]
[Result "0-1"]
[WhiteElo "2202"]
[BlackElo "2327"]

1.e4 c5 2.Nf3 e6 3.d4 cxd4 4.Nxd4 Nc6 5.Nc3 Qc7 6.Be3 a6 7.f4 b5 8.Qf3 Bb7
9.O-O-O Rc8 10.Nxc6 Qxc6 11.Bd3 Nf6 12.Rhe1 b4 13.Ne2 Nxe4 14.Nd4 Qd5 15.Nb3
Nf6 16.Qxd5 Bxd5 17.Bxa6 Rb8 18.Bf1 Be7 19.Bd4 h5 20.f5 h4 21.fxe6 fxe6 22.Rd2
Rh5 23.Be2 Rg5 24.Bf3 Bxf3 25.gxf3 Nd5 26.Be5 d6 27.Rxd5 exd5 28.Bxd6 Rb7
29.Nc5 Ra7 30.Bb8 Rxa2 31.Kb1 Ra8 32.Bd6 Ra7 33.Bb8 Rd7 34.Nxd7 Kxd7 35.Re2
Bc5 36.c3 b3 37.Kc1 h3 38.Kd2 Rg2 39.Ke1 Ba3 40.Ba7 Bxb2 41.Bd4 Ba3 42.Rxg2
hxg2 43.Kd2 Kc6 {#R} 0-1